Entry Nombre personal
001 - NÚMERO DE CONTROL
- campo de control: 117587
003 - IDENTIFICADOR DE NÚMERO DE CONTROL
- campo de control: SpMaBN
005 - FECHA Y HORA DE LA ÚLTIMA TRANSACCIÓN
- campo de control: 20250801075034.0
008 - ELEMENTOS DE DATO DE LONGITUD-FIJA
- campo de control de longitud fija: 900725nn ainnnaabn a aac
016 ## - NÚMERO DE CONTROL DE UNA AGENCIA BIBLIOGRÁFICA NACIONAL
- Número de control del registro: BNE19970723989
040 ## - FUENTE DE CATALOGACIÓN
- Centro catalogador/agencia de origen: SpMaBN
- Lengua de catalogación: spa
- Centro/agencia transcriptor: SpMaBN
- Normas de descripción: rdc
- Convención/Normas de encabezamiento de materia/tesauro: embne
100 1# - ENCABEZAMIENTO-NOMBRE DE PERSONA
- Nombre de persona: Yarza Oñate, José Luis
375 ## - GÉNERO/SEXO
- Género: Masculino
400 1# - TRAZADO DE VÉASE--NOMBRE DE PERSONA
- Nombre de persona: Yarza, José Luis
670 ## - FUENTE DE DATOS ENCONTRADOS
- Cita de la fuente: La luftwaffe, 1968
- Información encontrada: (traducción de José Luis Yarza Oñate)
670 ## - FUENTE DE DATOS ENCONTRADOS
- Cita de la fuente: En busca del poder negro, 1970
- Información encontrada: (traducción José Luis Yarza)
